[Event "English Womens Championships 2024"]
[Site "Kenilworth, United Kingdom"]
[Date "2024.06.21"]
[Round "4.10"]
[White "Khunda, Deema"]
[Black "Milewska, Agnieszka"]
[Result "1-0"]
[TimeControl "G:90 minutes + 30 seconds added per move"]
[WhiteFideId "499730"]
[BlackFideId "1196391"]
[WhiteElo "1648"]
[BlackElo "1769"]

1. d4 {[%clk 01:30:46]} {[%emt 00:00:02]} d5 {[%clk 01:30:27]} {[%emt
00:00:34]} 2. c4 {[%clk 01:31:01]} {[%emt 00:00:15]} e6 {[%clk 01:30:52]}
{[%emt 00:00:05]} 3. Nf3 {[%clk 01:31:24]} {[%emt 00:00:06]} c5 {[%clk
01:30:58]} {[%emt 00:00:24]} 4. dxc5 {[%clk 01:30:33]} {[%emt 00:01:21]} Bxc5
{[%clk 01:31:22]} {[%emt 00:00:07]} 5. cxd5 {[%clk 01:30:23]} {[%emt 00:00:38]}
Qxd5 {[%clk 01:30:58]} {[%emt 00:00:55]} 6. Qxd5 {[%clk 01:24:24]} {[%emt
00:06:29]} exd5 {[%clk 01:31:26]} {[%emt 00:00:02]} 7. Nc3 {[%clk 01:24:03]}
{[%emt 00:00:52]} Be6 {[%clk 01:31:26]} {[%emt 00:00:30]} 8. Bf4 {[%clk
01:23:22]} {[%emt 00:01:11]} Ne7 {[%clk 01:31:22]} {[%emt 00:00:34]} 9. Nb5
{[%clk 01:23:18]} {[%emt 00:00:33]} Bb4+ {[%clk 01:30:48]} {[%emt 00:01:04]} 10.
Nd2 {[%clk 01:22:14]} {[%emt 00:01:33]} Bxd2+ {[%clk 01:31:12]} {[%emt
00:00:07]} 11. Kxd2 {[%emt 00:00:11]} Na6 {[%emt 00:00:14]} 12. Nd6+ {[%clk
01:21:31]} {[%emt 00:00:49]} Kd7 {[%clk 01:23:40]} {[%emt 00:08:03]} 13. Nxb7
{[%clk 01:20:35]} {[%emt 00:01:25]} Ng6 {[%clk 01:24:00]} {[%emt 00:00:10]} 14.
Bg3 {[%clk 01:20:31]} {[%emt 00:00:34]} Rhc8 {[%clk 01:19:21]} {[%emt
00:05:09]} 15. e3 {[%clk 01:19:52]} {[%emt 00:01:09]} Nc7 {[%clk 01:18:46]}
{[%emt 00:01:05]} 16. Rc1 {[%clk 01:17:06]} {[%emt 00:03:15]} a6 {[%clk
01:18:52]} {[%emt 00:00:26]} 17. Nc5+ {[%clk 01:16:58]} {[%emt 00:00:38]} Kd8
{[%clk 01:19:20]} {[%emt 00:00:01]} 18. Bxc7+ {[%clk 01:16:25]} {[%emt
00:01:03]} Rxc7 {[%clk 01:19:33]} {[%emt 00:00:17]} 19. Nxa6 {[%clk 01:14:54]}
{[%emt 00:02:00]} Rxc1 {[%clk 01:19:40]} {[%emt 00:00:25]} 20. Kxc1 {[%clk
01:15:15]} {[%emt 00:00:08]} Ne5 {[%clk 01:19:32]} {[%emt 00:00:37]} 21. Nb4
{[%clk 01:13:39]} {[%emt 00:02:07]} Ng4 {[%clk 01:19:37]} {[%emt 00:00:26]} 22.
Be2 {[%clk 01:03:10]} {[%emt 00:10:53]} Nxf2 {[%clk 01:19:48]} {[%emt
00:00:26]} 23. Rf1 {[%clk 01:03:21]} {[%emt 00:00:17]} Ne4 {[%clk 01:19:52]}
{[%emt 00:00:27]} 24. Bf3 {[%clk 01:00:05]} {[%emt 00:03:44]} Rc8+ {[%clk
01:20:00]} {[%emt 00:00:25]} 25. Kd1 {[%clk 01:00:19]} {[%emt 00:00:15]} Nf6
{[%clk 01:18:31]} {[%emt 00:01:59]} 26. Kd2 {[%clk 00:59:58]} {[%emt 00:00:50]}
Rc4 {[%clk 01:16:07]} {[%emt 00:02:55]} 27. a3 {[%clk 00:59:57]} {[%emt
00:00:31]} Ne4+ {[%clk 01:13:57]} {[%emt 00:02:41]} 28. Bxe4 {[%clk 00:58:46]}
{[%emt 00:01:40]} dxe4 {[%clk 01:13:53]} {[%emt 00:00:34]} 29. Rc1 {[%clk
00:58:02]} {[%emt 00:01:14]} f5 {[%clk 01:14:11]} {[%emt 00:00:12]} 30. Rxc4
{[%clk 00:57:41]} {[%emt 00:00:51]} Bxc4 {[%clk 01:14:40]} 31. Nc2 {[%clk
00:56:25]} {[%emt 00:01:46]} g5 {[%clk 01:14:22]} {[%emt 00:00:47]} 32. b4
{[%clk 00:54:40]} {[%emt 00:02:15]} h5 {[%clk 01:13:55]} {[%emt 00:00:57]} 33.
g3 {[%clk 00:53:14]} {[%emt 00:01:56]} Bb5 {[%clk 01:11:05]} {[%emt 00:03:19]}
34. Nd4 {[%clk 00:53:12]} {[%emt 00:00:30]} Bd7 {[%clk 01:11:35]} 35. b5 {[%clk
00:52:46]} {[%emt 00:00:59]} Kc7 {[%clk 01:11:58]} {[%emt 00:00:06]} 36. Kc3
{[%clk 00:51:49]} {[%emt 00:01:29]} Kb6 {[%clk 01:12:19]} {[%emt 00:00:09]} 37.
Kb4 {[%clk 00:52:02]} {[%emt 00:00:16]} h4 {[%clk 01:05:31]} {[%emt 00:07:18]}
38. a4 {[%clk 00:48:56]} {[%emt 00:03:36]} hxg3 {[%clk 01:04:31]} {[%emt
00:01:31]} 39. hxg3 {[%clk 00:49:12]} {[%emt 00:00:14]} f4 {[%clk 01:04:29]}
{[%emt 00:00:32]} 40. exf4 {[%clk 00:47:14]} {[%emt 00:02:26]} gxf4 {[%clk
01:04:47]} {[%emt 00:00:14]} 41. gxf4 {[%clk 00:47:36]} {[%emt 00:00:07]} e3
{[%clk 01:04:59]} {[%emt 00:00:18]} 42. a5+ {[%clk 00:47:48]} {[%emt 00:00:18]}
Kb7 {[%clk 01:05:22]} {[%emt 00:00:07]} 43. Kc5 {[%clk 00:47:58]} {[%emt
00:00:20]} Bg4 {[%clk 01:05:49]} {[%emt 00:00:03]} 44. a6+ {[%clk 00:47:44]}
{[%emt 00:00:45]} Ka7 {[%clk 01:06:07]} {[%emt 00:00:12]} 45. Kc6 {[%clk
00:47:39]} {[%emt 00:00:34]} e2 {[%clk 01:06:22]} {[%emt 00:00:15]} 46. Nxe2
{[%clk 00:47:36]} {[%emt 00:00:30]} Bxe2 {[%clk 01:06:52]} 47. f5 {[%clk
00:46:52]} {[%emt 00:01:17]} Bf3+ {[%clk 01:06:06]} {[%emt 00:01:16]} 48. Kc7
{[%clk 00:46:31]} {[%emt 00:00:51]} Bd5 {[%clk 01:03:32]} {[%emt 00:03:04]} 49.
f6 {[%clk 00:46:18]} {[%emt 00:00:42]} Bb7 {[%clk 01:03:57]} {[%emt 00:00:06]}
50. f7 {[%clk 00:45:48]} {[%emt 00:01:00]} Bd5 {[%clk 01:03:08]} {[%emt
00:01:20]} 51. f8=Q {[%emt 00:00:23]} Bg8 {[%emt 00:00:09]} 52. Qb8# {[%clk
00:45:00]} {[%emt 00:00:14]} 1-0

[Event "English Womens Championships 2024"]
[Site "Kenilworth, United Kingdom"]
[Date "2024.06.21"]
[Round "4.11"]
[White "Agarwal, Amaya"]
[Black "Hardwick, Alexandra"]
[Result "0-1"]
[TimeControl "G:90 minutes + 30 seconds added per move"]
[WhiteFideId "48733580"]
[BlackFideId "422355"]
[WhiteElo "1718"]
[BlackElo "1813"]

1. e4 {[%clk 01:30:57]} {[%emt 00:00:02]} e6 {[%clk 01:27:14]} {[%emt
00:03:47]} 2. d4 {[%clk 01:31:22]} {[%emt 00:00:05]} d5 {[%clk 01:27:42]}
{[%emt 00:00:02]} 3. Nd2 {[%clk 01:31:46]} {[%emt 00:00:06]} c5 {[%clk
01:27:39]} {[%emt 00:00:33]} 4. exd5 {[%clk 01:32:10]} {[%emt 00:00:06]} exd5
{[%clk 01:28:00]} {[%emt 00:00:09]} 5. Bb5+ {[%clk 01:32:29]} {[%emt 00:00:11]}
Nc6 {[%clk 01:28:17]} {[%emt 00:00:14]} 6. Ngf3 {[%clk 01:32:07]} {[%emt
00:00:51]} Nf6 {[%clk 01:28:35]} {[%emt 00:00:12]} 7. O-O {[%clk 01:32:28]}
{[%emt 00:00:09]} Be7 {[%clk 01:28:57]} {[%emt 00:00:08]} 8. dxc5 {[%clk
01:32:51]} {[%emt 00:00:07]} Bxc5 {[%clk 01:28:46]} {[%emt 00:00:41]} 9. Re1+
{[%clk 01:32:58]} {[%emt 00:00:23]} Be7 {[%clk 01:29:14]} {[%emt 00:00:03]} 10.
Ne5 {[%clk 01:26:42]} {[%emt 00:06:45]} Qc7 {[%clk 01:26:12]} {[%emt 00:03:32]}
11. Ndf3 {[%clk 01:25:26]} {[%emt 00:01:46]} O-O {[%clk 01:21:02]} {[%emt
00:05:41]} 12. Bf4 {[%clk 01:22:55]} {[%emt 00:03:00]} Bd6 {[%clk 01:20:27]}
{[%emt 00:01:05]} 13. Nxc6 {[%clk 01:09:54]} {[%emt 00:13:31]} bxc6 {[%clk
01:20:23]} {[%emt 00:00:35]} 14. Bxd6 {[%clk 01:10:16]} {[%emt 00:00:08]} Qxd6
{[%clk 01:20:51]} {[%emt 00:00:02]} 15. Ba4 {[%clk 01:08:39]} {[%emt 00:02:07]}
Bg4 {[%clk 01:20:13]} {[%emt 00:01:07]} 16. h3 {[%clk 01:08:10]} {[%emt
00:00:59]} Bh5 {[%clk 01:20:31]} {[%emt 00:00:12]} 17. Qd3 {[%clk 01:01:11]}
{[%emt 00:07:29]} Rab8 {[%clk 01:06:45]} {[%emt 00:14:18]} 18. Bb3 {[%clk
01:01:12]} {[%emt 00:00:28]} Bg6 {[%clk 01:05:19]} {[%emt 00:01:56]} 19. Qd1
{[%clk 00:49:01]} {[%emt 00:12:41]} Qc5 {[%clk 01:00:21]} {[%emt 00:05:27]} 20.
c3 {[%clk 00:40:22]} {[%emt 00:09:11]} Rfe8 {[%clk 00:56:11]} {[%emt 00:04:39]}
21. Qd4 {[%clk 00:38:26]} {[%emt 00:02:25]} Ne4 {[%clk 00:53:00]} {[%emt
00:03:42]} 22. Qxc5 {[%clk 00:36:14]} {[%emt 00:02:42]} Nxc5 {[%clk 00:53:27]}
{[%emt 00:00:03]} 23. Nd4 {[%clk 00:35:01]} {[%emt 00:01:43]} Rec8 {[%clk
00:49:11]} {[%emt 00:04:46]} 24. Re2 {[%clk 00:20:33]} {[%emt 00:14:56]} Nd3
{[%clk 00:42:58]} {[%emt 00:06:45]} 25. Ba4 {[%clk 00:10:08]} {[%emt 00:10:54]}
Rxb2 {[%clk 00:36:38]} {[%emt 00:06:50]} 26. Rxb2 {[%clk 00:10:23]} {[%emt
00:00:16]} Nxb2 {[%clk 00:37:06]} {[%emt 00:00:02]} 27. Bxc6 {[%clk 00:09:44]}
{[%emt 00:01:09]} Kf8 {[%clk 00:33:43]} {[%emt 00:03:53]} 28. Re1 {[%clk
00:07:01]} {[%emt 00:03:11]} Nd3 {[%clk 00:32:22]} {[%emt 00:01:51]} 29. Re3
{[%clk 00:05:36]} {[%emt 00:01:57]} Rd8 {[%clk 00:26:55]} {[%emt 00:05:57]} 30.
Nb5 {[%clk 00:04:25]} {[%emt 00:01:42]} a5 {[%clk 00:25:07]} {[%emt 00:02:18]}
31. h4 {[%clk 00:01:53]} {[%emt 00:03:01]} h5 {[%clk 00:17:32]} {[%emt
00:08:04]} 32. Rg3 {[%clk 00:01:30]} {[%emt 00:00:53]} Nc1 {[%clk 00:15:32]}
{[%emt 00:02:31]} 33. Rg5 {[%clk 00:00:50]} {[%emt 00:01:10]} Nxa2 {[%clk
00:14:26]} {[%emt 00:01:36]} 34. Bxd5 {[%clk 00:01:05]} {[%emt 00:00:15]} Nc1
{[%clk 00:14:31]} {[%emt 00:00:25]} 35. Bc4 {[%clk 00:01:09]} {[%emt 00:00:26]}
a4 {[%clk 00:12:25]} {[%emt 00:02:36]} 36. Na3 {[%clk 00:00:57]} {[%emt
00:00:41]} Rd1+ {[%clk 00:08:57]} {[%emt 00:03:58]} 37. Kh2 {[%clk 00:01:26]}
{[%emt 00:00:02]} Rd2 {[%clk 00:09:25]} {[%emt 00:00:02]} 38. Kg3 {[%clk
00:01:17]} {[%emt 00:00:39]} Na2 {[%clk 00:06:52]} {[%emt 00:03:03]} 39. Bxa2
{[%clk 00:00:40]} {[%emt 00:01:06]} Rxa2 {[%clk 00:07:20]} {[%emt 00:00:02]} 40.
Nc4 {[%clk 00:00:48]} {[%emt 00:00:22]} Rc2 {[%clk 00:07:38]} {[%emt 00:00:12]}
41. Ra5 {[%clk 00:00:34]} {[%emt 00:00:45]} Rxc3+ {[%clk 00:07:59]} {[%emt
00:00:09]} 42. Ne3 {[%clk 00:01:00]} {[%emt 00:00:04]} a3 {[%clk 00:07:52]}
{[%emt 00:00:37]} 43. Kf4 {[%clk 00:01:19]} {[%emt 00:00:11]} Rb3 {[%clk
00:06:38]} {[%emt 00:01:43]} 44. Nd5 {[%clk 00:01:07]} {[%emt 00:00:43]} Ke8
{[%clk 00:07:04]} {[%emt 00:00:04]} 45. Nc7+ {[%clk 00:00:40]} {[%emt
00:00:58]} Kd7 {[%clk 00:06:19]} {[%emt 00:01:13]} 46. Nb5 {[%clk 00:01:00]}
{[%emt 00:00:11]} a2 {[%clk 00:05:18]} {[%emt 00:01:32]} 47. Ra7+ {[%clk
00:01:14]} {[%emt 00:00:16]} Kc6 {[%clk 00:02:23]} {[%emt 00:03:23]} 48. Nd4+
{[%clk 00:01:17]} {[%emt 00:00:29]} Kb6 {[%clk 00:02:52]} 49. Nxb3 {[%clk
00:01:10]} {[%emt 00:00:36]} Kxa7 {[%clk 00:03:21]} 50. Ke3 {[%clk 00:01:00]}
{[%emt 00:00:40]} Kb6 {[%clk 00:03:50]} 51. Kd2 {[%clk 00:01:01]} {[%emt
00:00:28]} f6 {[%clk 00:02:05]} {[%emt 00:02:16]} 52. g3 {[%clk 00:00:44]}
{[%emt 00:00:47]} Kb5 {[%clk 00:02:29]} {[%emt 00:00:06]} 53. Kc3 {[%clk
00:00:41]} {[%emt 00:00:33]} Bf7 {[%clk 00:02:42]} {[%emt 00:00:16]} 54. Na1
{[%clk 00:01:02]} {[%emt 00:00:10]} Kc5 {[%clk 00:02:59]} {[%emt 00:00:13]} 55.
Kd3 {[%clk 00:00:46]} {[%emt 00:00:47]} Kb4 {[%clk 00:02:48]} {[%emt 00:00:40]}
56. Kc2 {[%clk 00:00:53]} {[%emt 00:00:23]} Kc4 {[%clk 00:02:05]} {[%emt
00:01:13]} 57. f3 {[%clk 00:00:43]} {[%emt 00:00:39]} Kd4 {[%clk 00:02:34]}
{[%emt 00:00:02]} 58. Kd2 {[%clk 00:00:57]} {[%emt 00:00:16]} Bd5 {[%clk
00:02:38]} {[%emt 00:00:26]} 59. f4 {[%clk 00:01:12]} {[%emt 00:00:15]} Ke4
{[%clk 00:02:57]} {[%emt 00:00:11]} 60. Ke2 {[%clk 00:01:30]} {[%emt 00:00:12]}
Bc4+ {[%clk 00:03:23]} {[%emt 00:00:04]} 61. Kd2 {[%clk 00:00:57]} {[%emt
00:01:02]} Kf3 {[%clk 00:03:45]} {[%emt 00:00:08]} 62. Kc3 {[%clk 00:01:20]}
{[%emt 00:00:08]} Bf7 {[%clk 00:03:56]} {[%emt 00:00:17]} 63. Kd4 {[%clk
00:01:35]} {[%emt 00:00:17]} Kxg3 {[%clk 00:04:17]} {[%emt 00:00:08]} 64. Ke4
{[%clk 00:01:46]} {[%emt 00:00:19]} Kxh4 {[%clk 00:04:24]} {[%emt 00:00:23]} 65.
Kf3 {[%clk 00:02:05]} {[%emt 00:00:11]} Bd5+ {[%clk 00:04:46]} {[%emt
00:00:09]} 66. Kf2 {[%clk 00:02:18]} {[%emt 00:00:17]} Kg4 {[%clk 00:05:09]}
{[%emt 00:00:07]} 67. Ke3 {[%clk 00:02:44]} {[%emt 00:00:03]} h4 {[%clk
00:05:30]} {[%emt 00:00:09]} 68. Kf2 {[%clk 00:02:41]} {[%emt 00:00:33]} Kxf4
{[%clk 00:05:44]} {[%emt 00:00:16]} 69. Kg1 {[%clk 00:02:49]} {[%emt 00:00:22]}
Kg3 {[%clk 00:06:06]} {[%emt 00:00:08]} 70. Nc2 {[%clk 00:03:05]} {[%emt
00:00:14]} h3 {[%clk 00:06:22]} {[%emt 00:00:14]} 0-1

[Event "English Womens Championships 2024"]
[Site "Kenilworth, United Kingdom"]
[Date "2024.06.22"]
[Round "5.1"]
[White "Dicen, Elis Denele"]
[Black "Toma, Katarzyna"]
[Result "1/2-1/2"]
[TimeControl "G:90 minutes + 30 seconds added per move"]
[WhiteFideId "462560"]
[BlackFideId "1119907"]
[WhiteElo "2073"]
[BlackElo "2220"]

1. e4 {[%clk 01:30:57]} {[%emt 00:00:02]} c5 {[%clk 01:30:34]} {[%emt
00:00:27]} 2. Nf3 {[%clk 01:31:21]} {[%emt 00:00:06]} Nc6 {[%clk 01:30:20]}
{[%emt 00:00:44]} 3. Bb5 {[%clk 01:31:43]} {[%emt 00:00:08]} d6 {[%clk
01:29:26]} {[%emt 00:01:24]} 4. O-O {[%clk 01:31:14]} {[%emt 00:00:59]} Bd7
{[%clk 01:29:22]} {[%emt 00:00:34]} 5. Re1 {[%clk 01:31:01]} {[%emt 00:00:42]}
a6 {[%clk 01:29:09]} {[%emt 00:00:44]} 6. Bf1 {[%clk 01:31:23]} {[%emt
00:00:07]} Nf6 {[%clk 01:27:58]} {[%emt 00:01:42]} 7. c3 {[%clk 01:30:46]}
{[%emt 00:01:07]} e5 {[%clk 01:24:05]} {[%emt 00:04:23]} 8. d3 {[%clk
01:28:49]} {[%emt 00:02:27]} Be7 {[%clk 01:23:09]} {[%emt 00:01:26]} 9. h3
{[%clk 01:26:22]} {[%emt 00:02:56]} h6 {[%clk 01:19:53]} {[%emt 00:03:47]} 10.
d4 {[%clk 01:21:05]} {[%emt 00:05:47]} cxd4 {[%clk 01:15:34]} {[%emt 00:04:49]}
11. cxd4 {[%clk 01:21:22]} {[%emt 00:00:13]} exd4 {[%clk 01:15:50]} {[%emt
00:00:14]} 12. Nxd4 {[%clk 01:21:22]} {[%emt 00:00:30]} O-O {[%clk 01:14:43]}
{[%emt 00:01:37]} 13. Nc3 {[%clk 01:20:46]} {[%emt 00:01:06]} Rc8 {[%clk
01:11:21]} {[%emt 00:03:52]} 14. Nxc6 {[%clk 01:10:36]} {[%emt 00:10:40]} Bxc6
{[%clk 01:08:28]} {[%emt 00:03:23]} 15. Bf4 {[%clk 01:10:17]} {[%emt 00:00:48]}
Re8 {[%clk 01:07:16]} {[%emt 00:01:43]} 16. Qd2 {[%clk 01:07:08]} {[%emt
00:03:39]} Bf8 {[%clk 01:06:46]} {[%emt 00:01:00]} 17. Bd3 {[%clk 01:06:30]}
{[%emt 00:01:07]} d5 {[%clk 00:54:34]} {[%emt 00:12:42]} 18. exd5 {[%clk
00:48:16]} {[%emt 00:18:45]} Rxe1+ {[%clk 00:54:42]} {[%emt 00:00:22]} 19. Rxe1
{[%clk 00:47:32]} Nxd5 {[%clk 00:55:04]} {[%emt 00:01:21]} 20. Bf5 {[%clk
00:40:18]} {[%emt 00:07:44]} Nxf4 {[%clk 00:54:41]} {[%emt 00:00:54]} 21. Qxf4
{[%clk 00:40:35]} {[%emt 00:00:12]} Qc7 {[%clk 00:50:01]} {[%emt 00:05:10]} 22.
Qg4 {[%clk 00:33:38]} {[%emt 00:07:27]} Rd8 {[%clk 00:46:02]} {[%emt 00:04:29]}
23. Be4 {[%clk 00:27:39]} {[%emt 00:06:29]} Re8 {[%clk 00:37:28]} {[%emt
00:09:04]} 24. Rd1 {[%clk 00:24:06]} {[%emt 00:04:04]} Bxe4 {[%clk 00:35:46]}
{[%emt 00:02:12]} 25. Nxe4 {[%clk 00:24:14]} {[%emt 00:00:22]} Qe5 {[%clk
00:35:12]} {[%emt 00:01:05]} 26. Nc3 {[%clk 00:22:28]} {[%emt 00:02:14]} Bd6
{[%clk 00:34:39]} {[%emt 00:01:03]} 27. g3 {[%clk 00:22:31]} {[%emt 00:00:27]}
Bc5 {[%clk 00:31:46]} {[%emt 00:03:24]} 28. Kg2 {[%clk 00:21:52]} {[%emt
00:01:08]} b5 {[%clk 00:30:09]} {[%emt 00:02:08]} 29. Rd5 {[%clk 00:19:32]}
{[%emt 00:02:50]} Qe7 {[%clk 00:29:20]} {[%emt 00:01:18]} 30. a3 {[%clk
00:17:42]} {[%emt 00:02:21]} Bb6 {[%clk 00:26:26]} {[%emt 00:03:24]} 31. Qf3
{[%clk 00:17:07]} {[%emt 00:01:04]} Qe6 {[%clk 00:25:41]} {[%emt 00:01:15]} 32.
Rd3 {[%emt 00:07:22]} Bc5 {[%clk 00:20:17]} 33. Rd2 {[%clk 00:10:49]} {[%emt
00:05:51]} Rc8 {[%clk 00:18:17]} {[%emt 00:02:30]} 34. Nd5 {[%clk 00:10:06]}
{[%emt 00:01:13]} Bf8 {[%clk 00:14:36]} {[%emt 00:04:11]} 35. Qe3 {[%clk
00:08:41]} {[%emt 00:01:54]} Qc6 {[%clk 00:13:46]} {[%emt 00:01:20]} 36. Qf3
{[%clk 00:08:29]} {[%emt 00:00:42]} Qc1 {[%clk 00:13:01]} {[%emt 00:01:16]} 37.
Re2 {[%clk 00:06:16]} {[%emt 00:02:43]} Qc5 {[%clk 00:11:24]} {[%emt 00:02:06]}
38. Nc3 {[%clk 00:05:04]} {[%emt 00:01:42]} Rd8 {[%clk 00:08:02]} {[%emt
00:03:52]} 39. Re1 {[%clk 00:04:27]} {[%emt 00:01:05]} Qc4 {[%clk 00:07:06]}
{[%emt 00:01:28]} 40. Re2 {[%clk 00:04:17]} {[%emt 00:00:40]} a5 {[%clk
00:07:10]} {[%emt 00:00:26]} 41. Qe4 {[%clk 00:02:13]} {[%emt 00:02:34]} Qb3
{[%clk 00:05:14]} {[%emt 00:02:26]} 42. Qc2 {[%clk 00:02:12]} {[%emt 00:00:31]}
Qc4 {[%clk 00:05:32]} {[%emt 00:00:12]} 43. Qe4 {[%clk 00:02:32]} {[%emt
00:00:11]} Qc5 {[%clk 00:05:46]} {[%emt 00:00:14]} 44. Qf3 {[%clk 00:02:24]}
{[%emt 00:00:39]} b4 {[%clk 00:05:37]} {[%emt 00:00:40]} 45. axb4 {[%clk
00:01:55]} {[%emt 00:00:59]} axb4 {[%clk 00:05:59]} {[%emt 00:00:08]} 46. Ne4
{[%clk 00:01:59]} {[%emt 00:00:25]} Qc1 {[%clk 00:05:39]} {[%emt 00:00:51]} 47.
Qe3 {[%clk 00:01:56]} {[%emt 00:00:33]} Qc6 {[%clk 00:05:06]} {[%emt 00:01:03]}
48. Qf3 {[%clk 00:01:07]} {[%emt 00:01:18]} Qc4 {[%clk 00:04:14]} {[%emt
00:01:22]} 49. Nd2 {[%clk 00:00:56]} {[%emt 00:00:41]} Qc1 {[%clk 00:03:51]}
{[%emt 00:00:52]} 50. Nb3 {[%clk 00:01:02]} {[%emt 00:00:25]} Qb1 {[%clk
00:04:04]} {[%emt 00:00:17]} 51. Qe4 {[%clk 00:01:02]} {[%emt 00:00:31]} Qd1
{[%clk 00:03:24]} {[%emt 00:01:09]} 52. Qc2 {[%clk 00:01:01]} {[%emt 00:00:31]}
Qd5+ {[%clk 00:03:13]} {[%emt 00:00:42]} 53. f3 {[%emt 00:01:08]} Qb5 {[%clk
00:02:40]} 54. Rd2 {[%clk 00:01:36]} {[%emt 00:00:19]} Re8 {[%clk 00:02:24]}
{[%emt 00:00:46]} 55. Nd4 {[%clk 00:01:49]} {[%emt 00:00:16]} Qa5 {[%clk
00:02:08]} {[%emt 00:00:46]} 56. Re2 {[%clk 00:02:01]} {[%emt 00:00:19]} Rxe2+
{[%clk 00:01:57]} {[%emt 00:00:41]} 57. Qxe2 {[%clk 00:01:53]} {[%emt
00:00:38]} Qa1 {[%clk 00:01:39]} {[%emt 00:00:48]} 58. Qc2 {[%clk 00:01:46]}
{[%emt 00:00:37]} Qa7 {[%clk 00:01:38]} {[%emt 00:00:31]} 59. Qd2 {[%clk
00:01:44]} {[%emt 00:00:33]} g6 {[%clk 00:01:06]} {[%emt 00:01:02]} 60. b3
{[%clk 00:01:52]} {[%emt 00:00:22]} Qa1 {[%clk 00:00:58]} {[%emt 00:00:37]} 61.
Ne2 {[%clk 00:01:52]} {[%emt 00:00:30]} Qb1 {[%clk 00:01:08]} {[%emt 00:00:20]}
62. Qe3 {[%clk 00:01:42]} {[%emt 00:00:40]} Qc2 {[%clk 00:01:10]} {[%emt
00:00:28]} 63. Kf1 {[%clk 00:01:27]} {[%emt 00:00:44]} Bc5 {[%clk 00:01:10]}
{[%emt 00:00:31]} 64. Qe8+ {[%clk 00:01:32]} {[%emt 00:00:25]} Kg7 {[%clk
00:01:32]} {[%emt 00:00:07]} 65. Qe5+ {[%clk 00:01:46]} {[%emt 00:00:17]} Kh7
{[%clk 00:01:57]} {[%emt 00:00:05]} 66. Qd5 {[%clk 00:01:52]} {[%emt 00:00:24]}
Kg8 {[%clk 00:02:02]} {[%emt 00:00:25]} 67. Qd8+ {[%clk 00:02:13]} {[%emt
00:00:09]} Kg7 {[%clk 00:02:23]} {[%emt 00:00:09]} 68. Qd5 {[%clk 00:02:33]}
{[%emt 00:00:10]} h5 {[%clk 00:01:40]} {[%emt 00:01:13]} 69. Qe5+ {[%clk
00:02:51]} {[%emt 00:00:12]} Kh7 {[%clk 00:02:01]} {[%emt 00:00:09]} 70. Qd5
{[%clk 00:03:11]} {[%emt 00:00:11]} Kg8 {[%clk 00:02:15]} {[%emt 00:00:15]} 71.
Qd8+ {[%clk 00:03:35]} {[%emt 00:00:06]} Bf8 {[%clk 00:02:29]} {[%emt
00:00:16]} 72. Qd5 {[%clk 00:03:46]} {[%emt 00:00:19]} Qb1+ {[%clk 00:02:30]}
{[%emt 00:00:29]} 73. Kg2 {[%clk 00:03:35]} {[%emt 00:00:39]} Qe1 {[%clk
00:02:54]} {[%emt 00:00:08]} 74. Qe4 {[%clk 00:02:43]} {[%emt 00:01:20]} Bg7
{[%clk 00:02:12]} {[%emt 00:01:13]} 75. Qd3 {[%clk 00:02:16]} {[%emt 00:00:58]}
Bf6 {[%clk 00:02:07]} {[%emt 00:00:35]} 76. h4 {[%clk 00:02:30]} {[%emt
00:00:17]} Kg7 {[%clk 00:02:23]} {[%emt 00:00:14]} 77. Qe3 {[%clk 00:01:49]}
{[%emt 00:01:10]} Bc3 {[%clk 00:02:08]} {[%emt 00:00:46]} 78. Qd3 {[%clk
00:01:48]} {[%emt 00:00:31]} Kh7 {[%clk 00:01:55]} {[%emt 00:00:42]} 79. Qc4
{[%clk 00:01:55]} {[%emt 00:00:22]} Kg8 {[%clk 00:02:11]} {[%emt 00:00:14]} 80.
Qd3 {[%clk 00:01:54]} {[%emt 00:00:32]} Kg7 {[%clk 00:01:49]} {[%emt 00:00:52]}
81. Qc2 {[%clk 00:01:52]} {[%emt 00:00:30]} Qa1 {[%clk 00:01:16]} {[%emt
00:01:04]} 82. Nf4 {[%clk 00:01:46]} {[%emt 00:00:36]} Be5 {[%clk 00:01:30]}
{[%emt 00:00:16]} 83. Ne2 {[%clk 00:02:06]} {[%emt 00:00:10]} Bf6 {[%clk
00:01:13]} {[%emt 00:00:48]} 84. Nf4 {[%clk 00:02:03]} {[%emt 00:00:33]} Qd4
{[%clk 00:01:07]} {[%emt 00:00:36]} 85. Qd3 {[%clk 00:01:27]} {[%emt 00:01:05]}
Qb2+ {[%clk 00:01:12]} {[%emt 00:00:26]} 86. Ne2 {[%clk 00:01:25]} {[%emt
00:00:31]} Be5 {[%clk 00:01:26]} {[%emt 00:00:17]} 1/2-1/2